[Event "GFBI I"]
[Site "SchemingMind.com"]
[Date "2023.05.21"]
[Round "-"]
[White "mmccaffe"]
[Black "private napoleon"]
[Result "1-0"]
[WhiteCountry "USA"]
[BlackCountry "ENG"]
[WhiteElo "1686"]
[WhiteRD "74"]
[BlackElo "1683"]
[BlackRD "86"]
[GameID "734192"]

1. d4 d5 2. c4 e6 3. Nf3 c6 4. Nc3 Nf6 5. e3 Bb4 6. Bd2 O-O 7. a3 Bxc3 8. bxc3 Nbd7 9. Bd3 Re8 10. cxd5 exd5
11. O-O Nf8 12. Ne5 Ng6 13. Nxg6 hxg6 14. f3 b6 15. e4 Bb7 16. e5 Nh5 17. g4 Qh4 18. gxh5 gxh5 19. f4 c5 20. Qe1 Qd8
21. f5 c4 22. Bc2 b5 23. Qg3 Kh8 24. Qh3 h4 25. f6 gxf6 26. Qxh4+ Kg8 27. Qh7+ Kf8 28. exf6
1-0

[Event "GFBI I"]
[Site "SchemingMind.com"]
[Date "2023.05.22"]
[Round "-"]
[White "private napoleon"]
[Black "mmccaffe"]
[Result "1-0"]
[WhiteCountry "ENG"]
[BlackCountry "USA"]
[WhiteElo "1683"]
[WhiteRD "86"]
[BlackElo "1686"]
[BlackRD "74"]
[GameID "734193"]

1. e4 c5 2. c4 g6 3. Nc3 Bg7 4. g3 d6 5. Bg2 Nc6 6. Nge2 a6 7. O-O e6 8. d3 h5 9. h3 Nge7 10. Kh2 Rb8
11. f4 f5 12. b3 Nd4 13. Bb2 b5 14. cxb5 axb5 15. Nxd4 Bxd4 16. Qe2 Ba6 17. exf5 exf5 18. Rae1 Rh7 19. Nd5 Kf8 20. Bxd4 cxd4
21. Qe6 Rb7 22. Nxe7 Rbxe7 23. Qf6+ Kg8 24. Bd5+ Ref7 25. Qxd8+
1-0

[Event "GFBI I"]
[Site "SchemingMind.com"]
[Date "2023.05.21"]
[Round "-"]
[White "mmccaffe"]
[Black "JimM"]
[Result "1-0"]
[WhiteCountry "USA"]
[BlackCountry "USA"]
[WhiteElo "1748"]
[WhiteRD "68"]
[BlackElo "1689"]
[BlackRD "84"]
[GameID "734194"]

1. d4 Nf6 2. c4 e6 3. Nc3 Bb4 4. e3 O-O 5. Bd3 b6 6. Nf3 Bb7 7. a3 Be7 8. O-O d5 9. b4 Re8 10. Bb2 h6
11. Qe2 c5 12. bxc5 bxc5 13. Rac1 Nbd7 14. Rfd1 Ng4 15. e4 dxe4 16. Bxe4 Bxe4 17. Nxe4 Ngf6 18. dxc5 Nxe4 19. Qxe4 Bxc5 20. Ne5 Qb6
21. Nxd7 Bxf2+ 22. Kh1 Qxb2 23. Rc2 Qb3 24. Rf1 Bb6 25. c5 Bc7 26. Rcf2 Re7 27. Qxa8+ Kh7 28. Qe4+ g6 29. Rxf7+
1-0

[Event "GFBI I"]
[Site "SchemingMind.com"]
[Date "2023.05.22"]
[Round "-"]
[White "JimM"]
[Black "mmccaffe"]
[Result "1-0"]
[WhiteCountry "USA"]
[BlackCountry "USA"]
[WhiteElo "1689"]
[WhiteRD "84"]
[BlackElo "1748"]
[BlackRD "68"]
[GameID "734195"]

1. e4 e5 2. Nf3 Nc6 3. Bb5 a6 4. Ba4 Nf6 5. O-O Be7 6. Re1 b5 7. Bb3 d6 8. c3 O-O 9. h3 Nb8 10. d4 Nbd7
11. Nbd2 Bb7 12. Bc2 Re8 13. a4 Bf8 14. Bd3 c6 15. b3 Qc7 16. Bb2 c5 17. d5 Qb6 18. Nh4 g6 19. Qc2 Rec8 20. axb5 axb5
21. c4 b4 22. f4 Bg7 23. fxe5 Nxe5 24. Ndf3 Nxd3 25. Qxd3 Nd7 26. Bxg7 Kxg7 27. Rab1 Ra3 28. e5 dxe5 29. Nxe5 Qd6 30. Nhf3 Nxe5
31. Nxe5 Re8 32. Qe3 f6 33. Nf7 Rxe3 34. Nxd6 Raxb3 35. Nxb7 Rxb1 36. Rxb1 Rc3 37. Na5
1-0

[Event "GFBI I"]
[Site "SchemingMind.com"]
[Date "2023.05.20"]
[Round "-"]
[White "mmccaffe"]
[Black "JAHI"]
[Result "0-1"]
[WhiteCountry "USA"]
[BlackCountry "INT"]
[WhiteElo "1708"]
[WhiteRD "75"]
[BlackElo "2174"]
[BlackRD "76"]
[GameID "734196"]

1. d4 e6 2. c4 Bb4+ 3. Nc3 Kf8 4. Qc2 d6 5. a3 Bxc3+ 6. Qxc3 Nc6 7. b4 e5 8. d5 Nce7 9. Bb2 Nf6 10. Nf3 h6
11. g3 h5 12. h4 Bd7 13. Bg2 Kg8 14. O-O a6 15. Ng5 Ng4 16. f4 f6 17. Ne6 Bxe6 18. dxe6 Qc8 19. f5 g6 20. fxg6 Rb8
21. b5 Qxe6 22. Bd5 Nxd5 23. cxd5 Qxd5 24. Qxc7 Qc5+ 25. Qxc5 dxc5 26. a4 axb5 27. axb5 Kg7 28. Rfd1 Rhd8 29. Rxd8 Rxd8 30. Ra7 Rd7
31. Ba3 c4
0-1

[Event "GFBI I"]
[Site "SchemingMind.com"]
[Date "2023.05.20"]
[Round "-"]
[White "JAHI"]
[Black "mmccaffe"]
[Result "1-0"]
[WhiteCountry "INT"]
[BlackCountry "USA"]
[WhiteElo "2174"]
[WhiteRD "76"]
[BlackElo "1708"]
[BlackRD "75"]
[GameID "734197"]

1. b3 Nf6 2. Bb2 g6 3. h3 Bg7 4. h4 O-O 5. d3 d6 6. Nd2 e5 7. h5 Ng4 8. e3 Qg5 9. Ne4 Qf5 10. Qd2 Nf6
11. h6 Bh8 12. Ng3 Qd7 13. Be2 Nc6 14. Kf1 Ne8 15. Nf3 f5 16. d4 exd4 17. exd4 Nf6 18. Rh4 d5 19. Re1 Ne4 20. Nxe4 fxe4
21. Rxe4 Rxf3 22. Bxf3 dxe4 23. Rxe4 Qf7 24. Be2 Be6 25. Rxe6 Qxe6 26. Bc4 Qxc4+ 27. bxc4 Rd8 28. c3 Ne5 29. Qg5 Nf7 30. Qe7
1-0

[Event "GFBI I"]
[Site "SchemingMind.com"]
[Date "2023.05.21"]
[Round "-"]
[White "mmccaffe"]
[Black "guidoio"]
[Result "1-0"]
[WhiteCountry "USA"]
[BlackCountry "ITA"]
[WhiteElo "1864"]
[WhiteRD "64"]
[BlackElo "1473"]
[BlackRD "121"]
[GameID "734198"]

1. d4 e6 2. Nf3 d5 3. c4 c5 4. cxd5 exd5 5. g3 Nc6 6. Bg2 Nf6 7. O-O h6 8. b3 Be7 9. Bb2 O-O 10. Nbd2 Be6
11. Rc1 cxd4 12. Nxd4 Rc8 13. Nxe6 fxe6 14. e4 d4 15. Re1 Bb4 16. a3 Bxd2 17. Qxd2 e5 18. f4 exf4 19. gxf4 Re8 20. e5 Nh7
21. Bxc6 Rxc6 22. Rxc6 bxc6 23. Qxd4 Qh4 24. Re2 Rd8 25. Qe3 Rd1+ 26. Kg2 Qg4+ 27. Kf2 Qg1+ 28. Kf3 Qh1+ 29. Rg2 Qf1+ 30. Rf2 Qh3+
31. Ke2 Qg4+ 32. Qf3 Qd7 33. Qe3 Qg4+ 34. Rf3 Rd7 35. Kf2 Rd1 36. Rg3 Qd7 37. Ke2 Rh1 38. Rg2 Qd1+ 39. Kf2 Nf8 40. e6 Qc2+
41. Kf3 Rf1+ 42. Rf2 Rxf2+ 43. Qxf2 Qxf2+ 44. Kxf2 Nxe6 45. Kf3 Kf7 46. Ke4 g6 47. Ke5 Ke7 48. f5 gxf5 49. Kxf5 Kf7 50. Bc1 h5
51. Bg5 Nd4+ 52. Ke5 Nxb3 53. Be3 Ke7 54. Bxa7 Na5 55. Bc5+ Kd7 56. Kf5 Nb3 57. Be3 Kd6 58. Kg5 Ke5 59. Bf4+ Ke4 60. Bg3 c5
61. Kxh5 Kf5 62. a4 c4 63. Be1 Nc5 64. a5 Na6 65. h4 Nc5 66. Kh6 Kf6 67. h5 Na6 68. Kh7 Kf7 69. Bc3 Nc5 70. Bd4 Na6
71. Kh6 Nc7 72. Bb6 Na6 73. Kh7 c3 74. Be3 c2 75. Kh6 Nc7 76. Kg5 Kg7 77. Bc1 Na6 78. h6+ Kh7 79. Kg4 Kg6 80. Kf3 Nb4
81. Ke2 Na2 82. Kd2 Nb4 83. Kc3 Nc6 84. a6 Kh7 85. Bd2 Kg6 86. Kxc2 Kh7 87. Kc3 Kg6 88. Kc4
1-0

[Event "GFBI I"]
[Site "SchemingMind.com"]
[Date "2023.05.22"]
[Round "-"]
[White "guidoio"]
[Black "mmccaffe"]
[Result "0-1"]
[WhiteCountry "ITA"]
[BlackCountry "USA"]
[WhiteElo "1330"]
[WhiteRD "119"]
[BlackElo "1748"]
[BlackRD "68"]
[GameID "734199"]

1. c4 e6 2. d4 d5 3. e3 Nf6 4. Nc3 Bb4 5. Bd2 O-O 6. cxd5 exd5 7. Bd3 b6 8. a3 Bd6 9. h3 Nbd7 10. Nf3 Bb7
11. Nb5 Be7 12. Rc1 c6 13. Nc3 Re8 14. O-O Bf8 15. Re1 c5 16. dxc5 Nxc5 17. Bc2 Rc8 18. Nd4 Nce4 19. Nxe4 Nxe4 20. Bxe4 dxe4
21. Bc3 Ba6 22. Qa4 Bd3 23. Nc6 Qd7 24. Bb4 Bxb4 25. Nxb4 Qxa4
0-1

[Event "GFBI I"]
[Site "SchemingMind.com"]
[Date "2023.05.21"]
[Round "-"]
[White "Phillip Beckett"]
[Black "private napoleon"]
[Result "1-0"]
[WhiteCountry "ENG"]
[BlackCountry "ENG"]
[WhiteElo "1505"]
[WhiteRD "54"]
[BlackElo "1688"]
[BlackRD "84"]
[GameID "734200"]

1. e4 e6 2. d4 d5 3. Nd2 dxe4 4. Nxe4 Nf6 5. Bg5 Be7 6. Nxf6+ Bxf6 7. Bxf6 Qxf6 8. c3 O-O 9. Nf3 Nc6 10. Bd3 Re8
11. O-O e5 12. dxe5 Nxe5 13. Nxe5 Qxe5 14. Re1 Qxe1+ 15. Qxe1 Rxe1+ 16. Rxe1 Be6 17. a3 h6 18. Be4 Rd8 19. Kf1 Re8 20. Bd5 Kf8
21. Bxe6 fxe6 22. Re3 Kf7 23. Rf3+ Ke7 24. Rg3 Kf6 25. Ke2 e5 26. Re3 Re6 27. Re4 Rb6 28. Rb4 Rxb4 29. axb4 Ke6 30. Ke3 g5
31. Ke4 h5 32. c4 b6 33. b5 c6 34. bxc6 Kd6 35. c7 Kxc7 36. Kxe5 Kc6 37. Kf5 Kc5 38. b3 a5 39. Kxg5 Kb4 40. f4 Kxb3
41. f5 a4 42. f6 a3 43. f7 a2 44. f8=Q a1=Q 45. Qf3+ Kxc4 46. Qc6+ Kd3 47. Qg6+ Ke3 48. Qxb6+ Ke2 49. Qe6+ Kd2 50. Qd5+ Ke2
51. Qf3+ Kd2 52. Qf2+ Kd3 53. Qf3+ Kc4 54. Qf6 Qa5+ 55. Qf5 Qd8+ 56. Kxh5 Qh8+ 57. Kg4 Qxh2 58. Qf4+ Qxf4+ 59. Kxf4
1-0

[Event "GFBI I"]
[Site "SchemingMind.com"]
[Date "2023.05.22"]
[Round "-"]
[White "private napoleon"]
[Black "Phillip Beckett"]
[Result "1/2-1/2"]
[WhiteCountry "ENG"]
[BlackCountry "ENG"]
[WhiteElo "1695"]
[WhiteRD "90"]
[BlackElo "1474"]
[BlackRD "58"]
[GameID "734201"]

1. e4 e5 2. Nc3 Nf6 3. f4 d5 4. fxe5 Nxe4 5. Qf3 Nxc3 6. bxc3 Be7 7. d4 O-O 8. Bd3 f6 9. Qh5 g6 10. Bxg6 hxg6
11. Qxg6+ Kh8 12. Qh6+ Kg8 13. Qg6+ Kh8 14. Qh6+ Kg8 15. Qg6+=
1/2-1/2

[Event "GFBI I"]
[Site "SchemingMind.com"]
[Date "2023.05.21"]
[Round "-"]
[White "Phillip Beckett"]
[Black "JimM"]
[Result "0-1"]
[WhiteCountry "ENG"]
[BlackCountry "USA"]
[WhiteElo "1575"]
[WhiteRD "52"]
[BlackElo "1694"]
[BlackRD "87"]
[GameID "734202"]

1. e4 e5 2. Nf3 Nc6 3. Bb5 a6 4. Bxc6 dxc6 5. d4 exd4 6. Qxd4 Bg4 7. Qxd8+ Rxd8 8. O-O Nf6 9. e5 Nd7 10. Nbd2 Bc5
11. h3 Bf5 12. c3 O-O 13. Nb3 Bb6 14. Bg5 Rde8 15. Rfe1 Nc5 16. Nxc5 Bxc5 17. Nd4 Bd7 18. e6 fxe6 19. Rad1 Bc8 20. Be3 Bd6
21. Nc2 c5 22. Bg5 Rf7 23. Be3 b5 24. Re2 e5 25. Ne1 Re6 26. Red2 Rff6 27. Rd5 Bb7 28. R5d2 h6 29. f3 Rg6 30. Kf2 Rgf6
31. Nd3 g5 32. Ne1 e4 33. Kg1 exf3 34. Nxf3 Rxe3 35. Rd3 Rfe6 36. Rxe3 Rxe3 37. Kf2 Re4 38. Nd2 Rf4+ 39. Kg1 c4 40. Nf3 g4
41. hxg4 Rxg4 42. Kf2 Bc5+ 43. Kf1 Bxf3 44. gxf3 Rg1+ 45. Ke2 Rxd1 46. Kxd1 Kg7 47. Ke2 Kg6 48. f4 Kf5 49. Kf3 Bd6
0-1

[Event "GFBI I"]
[Site "SchemingMind.com"]
[Date "2023.05.21"]
[Round "-"]
[White "JimM"]
[Black "Phillip Beckett"]
[Result "1-0"]
[WhiteCountry "USA"]
[BlackCountry "ENG"]
[WhiteElo "1701"]
[WhiteRD "90"]
[BlackElo "1505"]
[BlackRD "54"]
[GameID "734203"]

1. e4 e5 2. Nf3 Nc6 3. d4 exd4 4. Nxd4 Bc5 5. Be3 Qf6 6. c3 Nxd4 7. cxd4 Bb4+ 8. Nc3 c6 9. e5 Qe7 10. Be2 Bxc3+
11. bxc3 d6 12. O-O dxe5 13. Re1 Bf5 14. Bg4 Bxg4 15. Qxg4 g6 16. dxe5 h5 17. Qd4 b6 18. Qd6 Rd8 19. Qxc6+ Qd7 20. Qf3 Ne7
21. Qf6 Nd5 22. Qxh8+
1-0

[Event "GFBI I"]
[Site "SchemingMind.com"]
[Date "2023.05.21"]
[Round "-"]
[White "Phillip Beckett"]
[Black "JAHI"]
[Result "0-1"]
[WhiteCountry "ENG"]
[BlackCountry "INT"]
[WhiteElo "1474"]
[WhiteRD "58"]
[BlackElo "2146"]
[BlackRD "74"]
[GameID "734204"]

1. e4 e6 2. d4 d6 3. Nf3 d5 4. exd5 exd5 5. Bd3 Bg4 6. O-O Bd6 7. Re1+ Kf8 8. c3 Ne7 9. Nbd2 Nd7 10. Qc2 Bxf3
11. Nxf3 h6 12. Be3 c6 13. Qd2 Qc7 14. h3 Re8 15. a4 Kg8 16. b4 a6 17. b5 axb5 18. axb5 c5 19. dxc5 Nxc5 20. Bc2 Ne4
21. Bxe4 dxe4 22. Nd4 Bh2+ 23. Kf1 Be5 24. Ra7 Nc8 25. Rc1 Nxa7 26. c4 Rd8
0-1

[Event "GFBI I"]
[Site "SchemingMind.com"]
[Date "2023.05.21"]
[Round "-"]
[White "JAHI"]
[Black "Phillip Beckett"]
[Result "1-0"]
[WhiteCountry "INT"]
[BlackCountry "ENG"]
[WhiteElo "2175"]
[WhiteRD "78"]
[BlackElo "1523"]
[BlackRD "54"]
[GameID "734205"]

1. b3 b6 2. Bb2 Bb7 3. a3 e6 4. a4 f5 5. a5 Nf6 6. e3 Be7 7. a6 Bc6 8. Nf3 O-O 9. Be2 d5 10. Kf1 Ne4
11. d3 Nd6 12. Nbd2 Bd7 13. Ne1 c5 14. Kg1 Bb5 15. d4 c4 16. bxc4 dxc4 17. Ba3 Bxa6 18. Bxd6 Bxd6 19. Bf3 Nd7 20. Rxa6 Rc8
21. Rxa7 b5 22. h3 Rc7 23. Ra5 c3 24. Nb3 b4 25. Nd3 f4 26. e4 Be7 27. Bg4 Rf6 28. e5 Rg6 29. Nxf4 Rh6 30. Nxe6 Rxe6
31. Bxe6+ Kf8 32. Qh5 Nxe5 33. dxe5 Bg5 34. Qxh7 Bh6 35. Qg8+ Ke7 36. Qf7#
1-0

[Event "GFBI I"]
[Site "SchemingMind.com"]
[Date "2023.05.21"]
[Round "-"]
[White "Phillip Beckett"]
[Black "guidoio"]
[Result "1-0"]
[WhiteCountry "ENG"]
[BlackCountry "ITA"]
[WhiteElo "1499"]
[WhiteRD "51"]
[BlackElo "1330"]
[BlackRD "119"]
[GameID "734206"]

1. e4 c5 2. Nf3 d6 3. d4 cxd4 4. Nxd4 e5 5. Nb5 a6 6. N5c3 Nf6 7. Bg5 h6 8. Bxf6 Qxf6 9. Nd5 Qd8 10. Be2 Be6
11. Nbc3 Nc6 12. O-O b5 13. a3 Nd4 14. Bd3 Be7 15. Nxe7 Qxe7 16. Nd5 Bxd5 17. exd5 g6 18. c3 Nf5 19. Bxf5 gxf5 20. a4 Qb7
21. axb5 Qxb5 22. b4 Qc4 23. Qa4+ Ke7 24. Rfd1 h5 25. Rac1 h4 26. Qc2
1-0

[Event "GFBI I"]
[Site "SchemingMind.com"]
[Date "2023.05.21"]
[Round "-"]
[White "guidoio"]
[Black "Phillip Beckett"]
[Result "1/2-1/2"]
[WhiteCountry "ITA"]
[BlackCountry "ENG"]
[WhiteElo "1521"]
[WhiteRD "173"]
[BlackElo "1505"]
[BlackRD "54"]
[GameID "734207"]

1. c4 e5 2. Nc3 Nf6 3. d3 d5 4. cxd5 Nxd5 5. e4 Nxc3 6. bxc3 Nc6 7. h3 Be7 8. Nf3 O-O 9. Be2 Be6 10. O-O f5
11. Nh2 fxe4 12. dxe4 Qxd1 13. Rxd1 Rad8 14. Be3 Rxd1+ 15. Rxd1 Rd8 16. f4 Rxd1+ 17. Bxd1 Bd6 18. Bb3 Bxb3 19. axb3 exf4 20. Bd2 Be5
21. Nf3 Bd6 22. b4 Ne5 23. Nxe5 Bxe5 24. Kf2=
1/2-1/2

[Event "GFBI I"]
[Site "SchemingMind.com"]
[Date "2023.05.22"]
[Round "-"]
[White "private napoleon"]
[Black "JimM"]
[Result "0-1"]
[WhiteCountry "ENG"]
[BlackCountry "USA"]
[WhiteElo "1663"]
[WhiteRD "91"]
[BlackElo "1690"]
[BlackRD "86"]
[GameID "734208"]

1. e4 c5 2. c4 Nc6 3. Nc3 g6 4. g3 Bg7 5. Bg2 Nb4 6. d3 d6 7. Nge2 Nf6 8. O-O O-O 9. Be3 Ng4 10. a3 Nxe3
11. fxe3 Nc6 12. Nf4 Ne5 13. Kh1 Qb6 14. Ncd5 Qd8 15. Qe2 Bg4 16. Qc2 Rc8 17. Rab1 e6 18. Nc3 g5 19. Nfe2 Bh5 20. h3 Bg6
21. b3 h5 22. d4 cxd4 23. Nxd4 Bh6 24. Rf2 g4 25. h4 Bxe3 26. Rd2 Bxd2 27. Qxd2 a6 28. Qh6 Qe7 29. Rf1 f5 30. exf5 Bxf5
31. Nxf5 exf5 32. Qxh5 Qh7 33. Bd5+ Kg7 34. Qg5+ Qg6 35. Qe7+ Kh6 36. Qxb7 Rb8 37. Qxa6 Rxb3 38. Ne2 Rb2 39. Nf4 Qf6 40. Qa7 Rfb8
41. Nh5 Kxh5
0-1

[Event "GFBI I"]
[Site "SchemingMind.com"]
[Date "2023.05.22"]
[Round "-"]
[White "JimM"]
[Black "private napoleon"]
[Result "0-1"]
[WhiteCountry "USA"]
[BlackCountry "ENG"]
[WhiteElo "1701"]
[WhiteRD "90"]
[BlackElo "1688"]
[BlackRD "84"]
[GameID "734209"]

1. e4 e6 2. d4 d5 3. Nc3 Nf6 4. Bg5 Bb4 5. e5 h6 6. Bc1 Bxc3+ 7. bxc3 Ne4 8. Bb2 O-O 9. f3 Qh4+ 10. g3 Nxg3
11. hxg3 Qxh1 12. Qe2 Qxg1 13. O-O-O Qxg3 14. Rd3 b6 15. c4 Ba6 16. Rc3 Bxc4 17. Rxc4 dxc4 18. Qxc4 Qe1#
0-1

[Event "GFBI I"]
[Site "SchemingMind.com"]
[Date "2023.05.22"]
[Round "-"]
[White "private napoleon"]
[Black "JAHI"]
[Result "0-1"]
[WhiteCountry "ENG"]
[BlackCountry "INT"]
[WhiteElo "1688"]
[WhiteRD "84"]
[BlackElo "2174"]
[BlackRD "76"]
[GameID "734210"]

1. e4 e6 2. d4 d6 3. f4 e5 4. Nf3 Bg4 5. Be2 Bxf3 6. Bxf3 Nd7 7. O-O Be7 8. Nc3 Ngf6 9. Be3 Kf8 10. f5 Kg8
11. d5 h6 12. Qd2 Rh7 13. g4 Kh8 14. Kf2 c6 15. Rh1 Qc7 16. h4 cxd5 17. g5 d4 18. Bxd4 exd4 19. Qxd4 d5 20. Qd3 dxe4
21. Nxe4 Nc5 22. Nxc5 Bxc5+ 23. Kg2 Rd8 24. Qc3 hxg5 25. hxg5 Qf4 26. Rxh7+ Kxh7 27. Rh1+ Kg8 28. gxf6 Rd2+ 29. Kh3 Qxf5+
0-1

[Event "GFBI I"]
[Site "SchemingMind.com"]
[Date "2023.05.22"]
[Round "-"]
[White "JAHI"]
[Black "private napoleon"]
[Result "1-0"]
[WhiteCountry "INT"]
[BlackCountry "ENG"]
[WhiteElo "2196"]
[WhiteRD "81"]
[BlackElo "1669"]
[BlackRD "90"]
[GameID "734211"]

1. b3 b6 2. Bb2 Bb7 3. a3 d5 4. a4 c5 5. a5 Nc6 6. a6 Bc8 7. e3 Nf6 8. Bb5 Qc7 9. Kf1 Bd7 10. Bxc6 Bxc6
11. d3 e5 12. Nd2 Bd6 13. Ne2 O-O 14. Ng3 b5 15. Nf5 g6 16. Nxd6 Qxd6 17. h3 Nh5 18. Kg1 f5 19. Rh2 d4 20. exd4 exd4
21. b4 Rfe8 22. Nb3 cxb4 23. Qd2 Re7 24. Bxd4 Re6 25. Bc5 Qe5 26. Qe3 Qd5 27. Qd4 Rae8 28. Bxb4 Nf6 29. Bc3 Qxd4 30. Nxd4 Rd6
31. Rh1 b4 32. Bb2 Ba8 33. Kh2 Nh5 34. Ra4 Nf4 35. Rg1 Nxg2 36. Rxg2 Bxg2 37. Kxg2 Rb6 38. Nf3 Ree6 39. Bd4 Rxa6 40. Rxb4 Rec6
41. Rb8+ Kf7 42. Ne5+ Ke6 43. Nxc6 Rxc6 44. c3 Ra6 45. Rh8 Ra2 46. Rxh7 a5 47. Rg7 a4 48. Rxg6+ Kd5 49. h4 a3 50. Ra6 Ra1
51. h5 a2 52. h6
1-0

[Event "GFBI I"]
[Site "SchemingMind.com"]
[Date "2023.05.25"]
[Round "-"]
[White "private napoleon"]
[Black "guidoio"]
[Result "1-0"]
[WhiteCountry "ENG"]
[BlackCountry "ITA"]
[WhiteElo "1669"]
[WhiteRD "90"]
[BlackElo "1354"]
[BlackRD "119"]
[GameID "734212"]

1. e4 c5 2. c4 Nc6 3. g3 Nf6 4. Bg2 e5 5. Nc3 d6 6. Nge2 Be7 7. O-O O-O 8. Kh1 Be6 9. Nd5 Nb4 10. d3 Nbxd5
11. cxd5 Bg4 12. f3 Bd7 13. f4 exf4 14. gxf4 Rc8 15. b3 h5 16. e5 dxe5 17. fxe5 Nh7 18. Nf4 g6 19. Nxh5 gxh5 20. Qxh5 Be8
21. Bh6 f5 22. Qh3 Bg6 23. d6 Bh4 24. Bxf8 Nxf8 25. Bd5+ Kg7 26. Rxf5 b6 27. Rg1 Kh6 28. Rf6
1-0

[Event "GFBI I"]
[Site "SchemingMind.com"]
[Date "2023.05.22"]
[Round "-"]
[White "guidoio"]
[Black "private napoleon"]
[Result "1-0"]
[WhiteCountry "ITA"]
[BlackCountry "ENG"]
[WhiteElo "1473"]
[WhiteRD "121"]
[BlackElo "1671"]
[BlackRD "89"]
[GameID "734213"]

1. c4 g6 2. d4 Bg7 3. Nc3 d6 4. h3 Nd7 5. e4 Ngf6 6. Nf3 O-O 7. Be2 a5 8. O-O c5 9. Be3 b6 10. d5 Ba6
11. Rc1 Rb8 12. b3 Ne5 13. Nxe5 dxe5 14. Qd2 Nd7 15. f4 f6 16. fxe5 fxe5 17. Bg4 Kh8 18. Rxf8+ Nxf8 19. Qf2 Nd7 20. Rf1 Nf6
21. Be6 h6 22. Qh4 Kh7 23. g4 Bc8 24. Rd1 Bxe6 25. dxe6 Qg8 26. g5 Nh5 27. gxh6 Bf6 28. Bg5 Bxg5 29. Qxg5 Qxe6 30. Nd5 Qxh3
31. Rf1 Qg3+ 32. Qxg3 Nxg3 33. Rf7+ Kxh6 34. Rxe7 Nxe4 35. Rxe5 Nd6 36. Re6 Nf5 37. Nxb6 Rd8 38. Nd5 Kg5 39. Rc6 Re8 40. Rxc5 Re2
41. Nc3 Rc2 42. Ne4+ Kf4 43. Nf6 Rxa2 44. Nd5+ Kg3 45. Kf1 Kf3 46. Ke1 g5 47. Nc3 Rc2 48. Rxf5+ Kg4 49. Rxa5 Rxc3 50. Rb5 Kf4
51. Kd2 Rh3 52. c5 g4 53. c6 Rh8 54. c7 g3 55. Rb8 g2 56. Rxh8 g1=Q 57. c8=Q Qe3+ 58. Kc2 Qe4+ 59. Kb2 Qe2+ 60. Ka3 Qe7+
61. b4 Qe3+ 62. Ka4 Qa7+ 63. Kb5
1-0

[Event "GFBI I"]
[Site "SchemingMind.com"]
[Date "2023.05.21"]
[Round "-"]
[White "JimM"]
[Black "JAHI"]
[Result "0-1"]
[WhiteCountry "USA"]
[BlackCountry "INT"]
[WhiteElo "1694"]
[WhiteRD "87"]
[BlackElo "2196"]
[BlackRD "81"]
[GameID "734214"]

1. c4 e6 2. d4 Bb4+ 3. Nc3 Kf8 4. Qb3 Bxc3+ 5. Qxc3 d6 6. Nf3 Nc6 7. e4 Qe8 8. Be2 e5 9. dxe5 Nxe5 10. Nxe5 Qxe5
11. Qe3 Nf6 12. Bd3 h6 13. O-O Ng4 14. Qg3 Qxg3 15. fxg3 Ne5 16. Be2 Bg4 17. Bxg4 Nxg4 18. b3 a6 19. Bb2 f6 20. h3 Ne5
21. Bc3 a5 22. Rad1 Ke7 23. Bxe5 fxe5 24. Rf3 a4 25. Rdf1 Rhf8 26. Rb1 axb3 27. axb3 Rxf3 28. gxf3 Ra2 29. h4 b6 30. Kf1 g6
31. Kg1 Kd7 32. Kf1 Kc6 33. f4 exf4 34. gxf4 Rh2 35. e5 Rh1+
0-1

[Event "GFBI I"]
[Site "SchemingMind.com"]
[Date "2023.05.21"]
[Round "-"]
[White "JAHI"]
[Black "JimM"]
[Result "1-0"]
[WhiteCountry "INT"]
[BlackCountry "USA"]
[WhiteElo "2196"]
[WhiteRD "81"]
[BlackElo "1694"]
[BlackRD "87"]
[GameID "734215"]

1. b3 e5 2. Bb2 d6 3. d3 Be7 4. Nd2 Nf6 5. g3 Nbd7 6. Bg2 Nc5 7. Kf1 Bg4 8. h3 Bc8 9. Ngf3 O-O 10. Ne1 c6
11. c3 d5 12. Nc2 Rb8 13. Kg1 Ne6 14. Rh2 Bc5 15. Qf1 Bb6 16. Re1 Bc7 17. e3 b6 18. c4 Bb7 19. f3 b5 20. cxd5 cxd5
21. f4 exf4 22. gxf4 h6 23. Nf3 g5 24. Qf2 gxf4 25. Qh4 Nh7 26. Qg4+ Neg5 27. exf4 Bc8 28. Qg3 f6 29. h4 Qd6 30. Nxg5 fxg5
31. hxg5 Qxf4 32. Bxd5+ Rf7 33. Re8+ Nf8 34. Qxf4 Bxf4 35. Rxh6
1-0

[Event "GFBI I"]
[Site "SchemingMind.com"]
[Date "2023.05.21"]
[Round "-"]
[White "JimM"]
[Black "guidoio"]
[Result "0-1"]
[WhiteCountry "USA"]
[BlackCountry "ITA"]
[WhiteElo "1690"]
[WhiteRD "86"]
[BlackElo "1419"]
[BlackRD "120"]
[GameID "734216"]

1. e4 c5 2. Nf3 d6 3. d4 cxd4 4. Nxd4 e5 5. Bb5+ Bd7 6. Bxd7+ Nxd7 7. Nf5 g6 8. Nxd6+ Bxd6 9. Qxd6 Ngf6 10. Nc3 Rc8
11. Bh6 Rc6 12. Qd2 a6 13. O-O-O Qc8 14. f4 exf4 15. Qxf4 Rc4 16. Bg7 Nh5 17. Qxf7+ Kxf7 18. Bxh8 Kg8 19. Bd4 Nf4 20. g3 Ne2+
21. Nxe2 Rxc2+ 22. Kb1 Rxe2 23. Rc1 Qe8 24. Rc7 Qxe4+ 25. Ka1 Re1+
0-1

[Event "GFBI I"]
[Site "SchemingMind.com"]
[Date "2023.05.21"]
[Round "-"]
[White "guidoio"]
[Black "JimM"]
[Result "1/2-1/2"]
[WhiteCountry "ITA"]
[BlackCountry "USA"]
[WhiteElo "1493"]
[WhiteRD "121"]
[BlackElo "1677"]
[BlackRD "100"]
[GameID "734217"]

1. c4 Nf6 2. Nc3 e5 3. d3 Bb4 4. Bd2 O-O 5. e4 Nc6 6. Nf3 d6 7. h3 a6 8. a3 Bc5 9. Be2 b5 10. cxb5 Nd4
11. Rc1 axb5 12. Nxd4 Bxd4 13. Qc2 Bb7 14. Nxb5 Bc5 15. O-O c6 16. Nc3 Bd4 17. Be3 Qb6 18. Bg5 Qd8 19. Bf3 h6 20. Bh4 g5
21. Bg3 Kh7 22. Ne2 Bc5 23. Rfd1 h5 24. Bxe5 g4 25. Bxf6 Qxf6 26. d4 Qg6 27. Nf4 Qh6 28. e5+ Kh8 29. Nd3 Bxd4 30. hxg4 h4
31. exd6 Rab8 32. Nb4 c5 33. Bxb7 Rxb7 34. Nd3 Qxd6 35. Nxc5 Rc7 36. b4 Qe5 37. Qd2 Bb2 38. Nd7 Rxd7 39. Qh6+ Kg8 40. Rxd7 Bxc1
41. Qxc1 Qg7 42. f3 Re8 43. b5 Qf6 44. a4 h3 45. gxh3 Qxf3 46. Qg5+ Kf8 47. Qh6+ Kg8 48. Qg5+ Kf8 49. Qh6+ Kg8 50. Qg5+ Kf8
51. Qh6+ Kg8 52. Qg5+ Kf8
1/2-1/2

[Event "GFBI I"]
[Site "SchemingMind.com"]
[Date "2023.05.21"]
[Round "-"]
[White "JAHI"]
[Black "guidoio"]
[Result "1-0"]
[WhiteCountry "INT"]
[BlackCountry "ITA"]
[WhiteElo "2161"]
[WhiteRD "78"]
[BlackElo "1417"]
[BlackRD "123"]
[GameID "734218"]

1. b3 c5 2. Bb2 Nc6 3. d3 d5 4. Nd2 e5 5. g3 Nf6 6. Bg2 Be7 7. Kf1 O-O 8. Ngf3 Bd6 9. Ne1 Be6 10. c3 h6
11. Nc2 Rc8 12. Kg1 b5 13. Qf1 Nh7 14. e3 Re8 15. h3 h5 16. Qe2 g6 17. h4 Ne7 18. e4 d4 19. Bh3 Bxh3 20. Rxh3 Nf6
21. Rh1 Ng4 22. f3 Nf6 23. Rh2 a5 24. Kh1 Nc6 25. Rg2 Bc7 26. c4 b4 27. a3 bxa3 28. Nxa3 Nb4 29. Rag1 Ra8 30. Nb5 a4
31. Ra1 Nc2 32. Rxa4 Rxa4 33. bxa4 Re7 34. Nb3 Ne3 35. Rg1 Bb6 36. Bc1 Rd7 37. Bd2 Nc2 38. a5 Bc7 39. Nxc5 Re7 40. Bg5 Re8
41. Bxf6 Qxf6 42. Nxc7 Rc8 43. Nd5 Qd6 44. Nb7 Qe6 45. Qxc2
1-0

[Event "GFBI I"]
[Site "SchemingMind.com"]
[Date "2023.05.21"]
[Round "-"]
[White "guidoio"]
[Black "JAHI"]
[Result "0-1"]
[WhiteCountry "ITA"]
[BlackCountry "INT"]
[WhiteElo "1417"]
[WhiteRD "123"]
[BlackElo "2161"]
[BlackRD "78"]
[GameID "734219"]

1. c4 e6 2. d4 Bb4+ 3. Bd2 Bxd2+ 4. Nxd2 Kf8 5. e4 d6 6. Ngf3 Nc6 7. Bd3 e5 8. d5 Nce7 9. h3 Nf6 10. O-O c6
11. Rc1 c5 12. Nh2 Ng6 13. a3 h6 14. Rc3 Kg8 15. Be2 Bd7 16. Ng4 Bxg4 17. Bxg4 Nxg4 18. Qxg4 h5 19. Qd1 h4 20. Nf3 Nf4
21. Nh2 g6 22. Qg4 Kg7 23. Nf3 Ne2+ 24. Kh1 Nxc3 25. bxc3 Qc8 26. Qg5 f6 27. Qe3 Qd7 28. Nh2 Raf8 29. f4 b6 30. Ng4 f5
31. exf5 Rxf5 32. Kg1 Rxf4 33. Rxf4 exf4 34. Qxf4 Qe7 35. Kh2 g5 36. Qf5 Rf8 37. Qd3 Qf7 38. Qe3 Qf4+ 39. g3 Qxe3 40. Nxe3 Rf3
41. Nd1 hxg3+ 42. Kg2 Rd3
0-1